000 01020nam0a2200313 4500
001 RU\NLR\BIBL_A\012062180
005 20190808100223.0
010 _a978-5-17-113267-5
_92500
021 _aRU
_bКН-П-19-047165
_9КН-П-19-3439
035 _a(NLR Aleph) 012062180
035 _a(RuMoRGB)010022864
090 _a11711175
_c11711175
100 _a20190723d2019 e y0rusy50 ca
101 1 _arus
_cund
102 _aRU
105 _ay|||z|||000ay
200 1 _aВероника Спидвелл
_iОпасное предприятие
_e[роман]
_fДеанна Рэйборн
210 _aМосква
_cАСТ
_d2019
215 _a445, [1] с.
_d21
225 1 _a#YoungDetective
333 _a16+
686 1 _aШ6(7США)67-446{Лх1979-60}
700 1 _7ca
_8rus
_aРэйборн
_bД.
_f1968-
_gДеанна
_9205670
_3RU\NLR\AUTH\770205722
942 _cBOOK
980 _aNBR
980 _aNB